000 00702nam a22002537a 4500
003 UA-OsUOA
001 25351
007 ta
008 20040402b un ||||| |||| 00| 0 ukr d
100 _aЯковлев А.М.
090 _a316.3(075.8)
_bЯ47
942 _cBK
040 _aUA-OsUOA
_brus
_cUA-OsUOA
_dUA-OsUOA
245 _aСоциальная структура общества
_bУчебник для студентов высших учебных заведений
300 _a384 с.
955 _a0
041 _arus
080 _a316.3(075.8)
020 _a5-94692-071-5
260 _aМосква
_bЭкзамен
_c2003
044 _aRU
650 7 _2UDC
999 _c311644
_d311644